00273nam a2200121Ia 4500008004100000100000900041245003400050260002500084300000800109650001000117942000700127999001700134190216s9999||||xx |||||||||||||| ||und|| aNull 0aHindi-Jancy Ki Rani Laxmi Bai bPragathi Prakashan a294 aHindi cBK c15657d15657